000 00485nam a2200193Ia 4500
005 20240823005644.0
008 240823s9999||||xx |||||||||||||| ||und||
041 _aENGLISH
082 _A005.73 N4
100 _a"Horowitz,Ellis"
245 0 _aFundamentals of Data Structures
250 _a1st
260 _c1994
_b"Galgotia,New Delhi"
500 _aTRANSFERED
650 _aData Structure
_bComputer Applications
700 _a" Sahni,Sartaj"
942 _cBK
999 _c156350
_d156350